| Tag |
First Indicator |
Second Indicator |
Subfields |
| LEADER |
00000cam a2200000 a 4500 |
| 001 |
in00002652913 |
| 005 |
20211202194128.0 |
| 006 |
m d f |
| 007 |
cr bn||||||||| |
| 008 |
100903s2010 cou o f000 0 eng c |
| 035 |
|
|
|a (OCoLC)ocn660848208
|
| 040 |
|
|
|a GPO
|c GPO
|d MvI
|d UtOrBLW
|
| 042 |
|
|
|a pcc
|
| 049 |
|
|
|a WWW
|
| 074 |
|
|
|a 0430-P-15 (online)
|
| 086 |
0 |
|
|a E 9.26:NREL/BR-560-48608
|
| 245 |
0 |
0 |
|a Hydrogen vehicle and infrastructure codes and standards citations.
|
| 264 |
|
1 |
|a Golden, Colo. :
|b U.S. Dept. of Energy, Office of Energy Efficiency and Renewable Energy, National Renewable Energy Laboratory,
|c [2010]
|
| 300 |
|
|
|a 1 online resource (20 pages).
|
| 336 |
|
|
|a text
|b txt
|2 rdacontent
|
| 337 |
|
|
|a computer
|b c
|2 rdamedia
|
| 338 |
|
|
|a online resource
|b cr
|2 rdacarrier
|
| 490 |
1 |
|
|a NREL/BR ;
|v 560-48608
|
| 500 |
|
|
|a Title from caption, PDF title screen (viewed on Sept. 3, 2010).
|
| 500 |
|
|
|a "July 2010."
|
| 500 |
|
|
|a Electronic resource.
|
| 650 |
|
0 |
|a Fuel cells.
|
| 650 |
|
0 |
|a Hydrogen as fuel.
|
| 650 |
|
0 |
|a Hydrogen cars.
|
| 710 |
2 |
|
|a National Renewable Energy Laboratory (U.S.)
|
| 830 |
|
0 |
|a NREL/BR ;
|v 560-48608.
|
| 856 |
4 |
0 |
|u https://purl.fdlp.gov/GPO/LPS125941
|t 0
|
| 999 |
|
|
|a MARS
|
| 999 |
f |
f |
|s 8fdcd7dc-97fc-36ed-b277-5d5606ac82b2
|i af873646-59ea-3a5a-ab5a-4f7c520dac20
|t 0
|
| 952 |
f |
f |
|a Texas A&M University
|b College Station
|c Electronic Resources
|d Available Online
|t 0
|e E 9.26:NREL/BR-560-48608
|h Superintendent of Documents classification
|
| 998 |
f |
f |
|a E 9.26:NREL/BR-560-48608
|t 0
|l Available Online
|